| 000 | 00614nam a22002177a 4500 | ||
|---|---|---|---|
| 003 | BD-DhJNU | ||
| 005 | 20251015030200.0 | ||
| 008 | 251015b |||||||| |||| 00| 0 eng d | ||
| 020 | _a1412903874 | ||
| 020 | _a1412903882 | ||
| 040 |
_aBD-DhJNU _bENG _cBD-DhJNU _dBD-DhJNU |
||
| 082 |
_223 _a361.06 |
||
| 100 | _aJones, Richard Nelson | ||
| 245 |
_aPractical counselling and helping skills / _cRichard Nelson-Jones |
||
| 250 | _a5th ed. | ||
| 260 |
_aSage Publications : _bLondon, _c2005. |
||
| 300 |
_axvii, 491 p. : _bill. ; _c24 cm. |
||
| 504 | _aincludes index | ||
| 650 | _aCounseling | ||
| 942 |
_2ddc _cBK _n0 |
||
| 999 |
_c2265 _d2265 |
||